Escribir parroquias de A Estrada (Galicia) - Estadísticas

Estadísticas generales
  • Esta prueba ha sido intentada 14 veces
  • La puntuación promedio es 16 de 51
Respuestas en el mapa
Las respuestas están codificadas por una escala verde-roja en el mapa de la prueba según el % correcto abajo.
 
Estadísticas de respuestas
Respuesta % Correcto
A Estrada
100%
Sabucedo
89%
Codeseda
67%
Matalobos
56%
Baloira
44%
Berres
44%
Callobre
44%
Guimarei
44%
Oca
44%
San Miguel de Barcala
44%
Aguions
33%
Cereixo
33%
Curantes
33%
Lagartons
33%
Loimil
33%
Ouzande
33%
Riobo
33%
Rubin
33%
San Pedro de Ancorados
33%
Santa Mariña de Barcala
33%
Santeles
33%
San Xurxo de Vea
33%
Somoza
33%
Souto
33%
Tabeiros
33%
Vinseiro
33%
Agar
22%
Arca
22%
Arnois
22%
Cora
22%
Couso
22%
Lamas
22%
Liripio
22%
Moreira
22%
Nigoi
22%
Olives
22%
Parada
22%
Pardemarín
22%
Remesar
22%
Ribeira
22%
Ribela
22%
San Miguel de Castro
22%
Santa Cristina de Vea
22%
Santo Andre de Vea
22%
San Tome de Ancorados
22%
San Xulian de Vea
22%
Toedo
22%
Barbude
11%
Frades
11%
Orazo
11%
Paradela
11%
No se encontraron pruebas coincidentes
Distribución de puntuación
Porcentaje de gente con cada puntuación
Porcentaje por número respondido
Historial de tus puntuaciones
No has intentado esta prueba.